Tricky Clicky Countries Quiz Stats

 Plays Quiz Updated Nov 15, 2018

Support Sporcle.
Go Orange.
Score 0/120 Timer 05:00
4 Plays Today
% Correct
???
79.7%
???
76.8%
???
72.6%
???
72.5%
???
69.9%
???
69.8%
???
69.8%
???
69.8%
???
65.2%
???
65.1%
???
65.1%
???
65%
???
65%
???
64.5%
???
64.5%
???
64.3%
???
64.2%
???
63.5%
???
63.4%
???
63.4%
???
63.4%
???
63.4%
???
63.3%
???
61.7%
???
61.6%
???
61.6%
???
61.3%
???
61.2%
???
61.1%
???
61.1%
???
60.9%
???
59.8%
???
59.7%
???
59.7%
???
59.7%
???
59.6%
???
59.6%
???
59.4%
???
59.3%
???
59.2%
% Correct
???
59.2%
???
59.2%
???
59.2%
???
59.1%
???
59.1%
???
59.1%
???
59%
???
59%
???
55.1%
???
55%
???
54.9%
???
54.8%
???
54.8%
???
54.5%
???
54.3%
???
54.3%
???
54.3%
???
54.3%
???
54.3%
???
54.3%
???
54.2%
???
54.2%
???
54.2%
???
54.1%
???
54.1%
???
54%
???
54%
???
54%
???
54%
???
53.9%
???
53.8%
???
52.1%
???
52.1%
???
52%
???
52%
???
52%
???
51.9%
???
51.9%
???
51.9%
???
51.8%
% Correct
???
51.6%
???
51.6%
???
51.6%
???
48.5%
???
48.5%
???
48.5%
???
48.4%
???
48.4%
???
48.4%
???
48.4%
???
48.3%
???
48.3%
???
48.3%
???
48.3%
???
48.3%
???
48.3%
???
48.2%
???
48.2%
???
48.2%
???
48.1%
???
47.6%
???
47.4%
???
47.4%
???
47.4%
???
47.3%
???
46.2%
???
46%
???
43.1%
???
43%
???
43%
???
43%
???
43%
???
42.9%
???
42.8%
???
42.8%
???
42.7%
???
42.7%
???
42.7%
???
42.7%
???
42.4%

From the Vault

Color Memory Match

by yakubu82

Does your memory operate well at high speeds? Here's your chance to find out.
Remove Ads.
Support Sporcle.
Get the best of Sporcle when you Go Orange. This ad-free experience offers more features, more stats, and more fun while also helping to support Sporcle. Thank you for becoming a member.

Show Comments

Extras

Top Quizzes Today


Score Distribution

Your Account Isn't Verified!

In order to create a playlist on Sporcle, you need to verify the email address you used during registration. Go to your Sporcle Settings to finish the process.

Report this User

Report this user for behavior that violates our Community Guidelines.

Details: